| 000 | 00586nam a2200253Ia 4500 | ||
|---|---|---|---|
| 008 | 210210b1956 xxu||||| |||| 00| 0 eng d | ||
| 041 | _aeng | ||
| 082 | _a541.9 DAVL | ||
| 100 | _aDAVISON (Albert W) | ||
| 245 | _aLaboratory manual of physical chemistry Ed 4 | ||
| 250 | _a | ||
| 260 |
_aNewyork _bJohn Wiley and Sons _c1956 |
||
| 300 | _aviii,260 | ||
| 650 | _aphysical | ||
| 650 | _aof | ||
| 650 | _amanual | ||
| 650 | _aLaboratory | ||
| 650 | _aEd | ||
| 650 | _achemistry | ||
| 650 | _a4 | ||
| 690 | _aChemistry | ||
| 700 | _aKLOOSTER (Henry S) | ||
| 906 | _a009697 | ||
| 999 |
_c140570 _d140570 |
||